Sony’s Spider-Man Universe Movies - Statistics

General Stats
  • This quiz has been taken 35 times
    24 since last reset
  • The average score is 5 of 7
Answer Stats
Year Movie % Correct
2018 Venom
100%
2021 Venom: Let There Be Carnage
94%
2022 Morbius
88%
2023 Kraven the Hunter
75%
TBA Venom 3
69%
2023 Madame Web
63%
2024 El Muerto
13%
No matching quizzes found
Score Distribution
Percent of People with Each Score
Percentile by Number Answered
Your Score History
You have not taken this quiz since the last reset